000 004340000a22001810004500
003 MACL
005 20151227134633.0
008 151227b xxu||||| |||| 00| 0 eng d
040 _aMACL
_cMACL
041 _aEnglish
082 _a025.34/VIS
100 _aViswanathan, C G
_923234
245 _aCataloguig
260 _bPrint House
_c1983
350 _a125
650 _aLibrary & information
_923235
942 _cBK
_k025.34/Vis
_2ddc
999 _c33857
_d33857